| 000 | 00513nam a2200169Ia 4500 | ||
|---|---|---|---|
| 008 | 210210b2005 xxu||||| |||| 00| 0 eng d | ||
| 020 | _a81 7835 375 X | ||
| 082 | _a915.4 BHAL | ||
| 100 | _aBHATT (S C) and BHARGAVA (Gopal K). | ||
| 245 | _aLand and people of Indian states and union territories (in 36 volumes): Mizoram Vol.19 | ||
| 260 |
_aDelhi _bKalpaz publications _c2005 |
||
| 300 | _a230 | ||
| 440 | _a19 | ||
| 650 | _aLand and people India, Mizoram Vol.19 | ||
| 690 | _aGeography | ||
| 906 | _aSG04583 | ||
| 999 |
_c115150 _d115150 |
||